Kraje których reprezentanci wygrali złotą piłkę. - Statystyki

Ogólne statystyki
  • Ten quiz został rozwiązany 181 razy
  • Średni wynik to 15 z 21
Statystyki odpowiedzi
Liczba zwycięzców Kraj % Poprawnych
8 Argentyna
100%
5 Brazylia
99%
4 Hiszpania
96%
7 Portugalia
96%
7 Niemcy
94%
7 Francja
93%
5 Włochy
90%
6 Anglia
88%
7 Holandia
82%
1 Chorwacja
70%
1 Czechy
70%
1 Ukraina
70%
3 ZSRR
66%
1 Węgry
58%
1 Dania
52%
1 Liberia
51%
1 Liberia
51%
1 Bułgaria
46%
1 Szkocja
44%
1 Irlandia Północna
34%
1 Czechosłowacja
26%
Nie znaleziono quizów pasujących do podanych kryteriów
Rozkład punktacji
Procent ludzi z każdym wynikiem
Percentyl według liczby udzielonych odpowiedzi
Twoja historia wyników
Nie rozwiązałeś tego quizu